| 000 | 00532 a2200169 4500 | ||
|---|---|---|---|
| 005 | 20250606102217.0 | ||
| 020 | _a0-7674-1064-5 | ||
| 082 | _aLECT 300.151 THO | ||
| 100 | _aTHORNE, B. M. | ||
| 245 | _aStatistics for the behavioral sciences | ||
| 250 | _a3rd Ed. | ||
| 260 |
_aCalifonia, _bMayfield Publishing Company, _c2000. |
||
| 300 |
_axx, 439p,: ill.; figure, table. _bIndex. _c24cm. |
||
| 700 | _aGIESEN, J. M. | ||
| 856 |
_yAccess online book _fStatistics for the behavioral sciences _dwww.mayfieldpub.com |
||
| 942 |
_2ddc _cBKS |
||
| 999 |
_c1988 _d1988 |
||